| 000 | 00444cam a2200157u 4500 | ||
|---|---|---|---|
| 082 |
_a355.009242 _bSEE |
||
| 100 | 1 |
_aMottistone, John Edward Bernard Seely, _949607 |
|
| 245 | 1 | 0 | _aAdventure, |
| 260 |
_aLondon, _bW. Heinemann ltd. _c[1930] |
||
| 300 | _ap. cm. | ||
| 526 |
_a0 _b0 _c0 _d355_009242000000000_SEE |
||
| 650 | 0 |
_aAdventure and adventurers. _949293 |
|
| 650 | 0 |
_aMCE _9379 |
|
| 650 | 0 |
_aWorld War, 1914-1918 _928173 |
|
| 942 |
_2ddc _cBK |
||
| 999 |
_c552393 _d552393 |
||